| 000 | 00774nam a22002177a 4500 | ||
|---|---|---|---|
| 003 | KOHA_MİRAKIL | ||
| 005 | 20260416102920.0 | ||
| 008 | 260416b tu ||||| |||| 00| 0 tur d | ||
| 020 | _a9789755339863 | ||
| 040 |
_aTR-AnABB _btur _cTR-AnABB |
||
| 041 | _atur | ||
| 082 |
_a302.4 _bBIL 2007 |
||
| 100 | 1 | _aBilgin, Nuri | |
| 245 | 1 | 0 |
_aKimlik inşası / _cNuri Bilgin |
| 260 |
_aAnkara : _bİmge Kitabevi yayınları, _c2023 |
||
| 300 |
_a476 sayfa ; _c20 cm |
||
| 505 | _aİçindekiler: Kimliğin yükselişi - Çeşitli perspektiflerden kimlik inşası - Ötekinin icadı ve inşası - Kolektif Bellek ve Kimlik - Kentsel kimlik inşası - Ulusal kimlik inşası | ||
| 650 | 0 | 4 | _aSosyal psikoloji |
| 900 | _bCan ÇELIK | ||
| 942 |
_2ddc _cBK |
||
| 999 |
_c10285 _d10285 |
||